000 00539nam a2200193 i 4500
001 32603
003 ES-MaACL
005 20230906154612.0
007 t|
008 030131s1986 sp ||||1| spa d
100 1 _aBernal, Calixto,
_d1804-1886
_928175
245 1 0 _aCalixto Bernal
_b: su obra y su tiempo.
260 _aMadrid :
_bPlayor,
_c1986.
300 _a23 p. :
_bil. ;
_c25 cm.
490 1 _aColección libre
830 0 _aColección libre
_9184773
852 _aES-MaACL
_jL-2723
_bR.112046
999 _c32603
_d32603